[Event "Montigny le Bretonneux Noel op 20th"]
[Site "Montigny le Bretonneux"]
[Date "2019.12.29"]
[Round "6"]
[White "Montay, Jean Paul"]
[Black "Beduoglu, Cassandra"]
[Result "1/2-1/2"]
[WhiteElo "1298"]
[BlackElo "1130"]
[PlyCount "79"]
[EventDate "2019.12.27"]
[EventType "swiss"]
[EventRounds "7"]
[EventCountry "FRA"]
[SourceTitle "CBM 194 Extra"]
[Source "ChessBase"]
[SourceDate "2020.03.31"]
[SourceVersion "1"]
[SourceVersionDate "2020.03.31"]
[SourceQuality "1"]

1. e4 e5 2. Nf3 Nf6 3. d3 Nc6 4. Be2 g6 5. 0-0 Bg7 6. Bg5 0-0 7. Nc3 d6 8. h3 Be6 9. Qd2 Qe7 10. Bh6 Nh5 11. Bxg7 Kxg7 12. Ng5 Nf4 13. Nxe6+ Qxe6 14. Bg4 Qf6 15. g3 Ne6 16. Nd5 Qg5 17. f4 exf4 18. Nxf4 Nxf4 19. Qxf4 Qxf4 20. Rxf4 Nd4 21. c3 Nc6 22. d4 Ne7 23. Kg2 h6 24. Rf2 d5 25. exd5 Nxd5 26. Re1 Rae8 27. Rfe2 Rxe2+ 28. Rxe2 h5 29. Bf3 Rd8 30. Bxd5 Rxd5 31. Re7 Rb5 32. b3 c5 33. dxc5 Rxc5 34. c4 b5 35. Rxa7 bxc4 36. bxc4 Rxc4 37. a4 Rc2+ 38. Kf3 Ra2 39. a5 Ra3+ 40. Kf4 1/2-1/2